000 01345cam a2200361 i 4500
001 10276
003 BD-RjUL
005 20211208234927.0
008 140123s1979 enka b 001 0 eng
020 _a0521220149
020 _a0521293367 (pbk.)
035 _a(BD-RjUL)10324
040 _aDLC
_cDLC
_dDLC
_dBD-RjUL
_beng
041 _aeng
082 0 0 _a547.139
_219
_bGIO 1979
100 1 _aGilchrist, T. L.
_q(Thomas Lonsdale)
_931745
245 1 0 _aOrganic reactions and orbital symmetry /
_cT. L. Gilchrist and R. C. Storr.
250 _a2d ed.
260 _aCambridge [Eng.] :
_aNew York :
_bCambridge University Press,
_cc1979.
300 _avii, 311 p. :
_bill. ;
_c24 cm.
504 _aIncludes bibliographical references and index.
650 0 _aPhysical organic chemistry.
_9635
650 0 _aChemical reaction, Conditions and laws of.
_930099
650 0 _aMolecular orbitals.
_928628
650 0 _aSymmetry (Physics)
_922702
700 1 _aStorr, R. C.,
_ejoint author.
_931747
856 4 1 _3Table of contents only
_uhttp://www.loc.gov/catdir/enhancements/fy1009/78054578-t.html
856 4 2 _3Publisher description
_uhttp://www.loc.gov/catdir/enhancements/fy1009/78054578-d.html
942 _2ddc
_cBK
999 _c10276
_d10276